[Event "BL 0910 H.Handschuhsheim - Schachfr. Be"]
[Site "?"]
[Date "2010.02.07"]
[Round "9.4"]
[White "Gurevic, Vladimir"]
[Black "Kraemer, Martin"]
[Result "1-0"]
[WhiteElo "2470"]
[BlackElo "2482"]
[PlyCount "81"]
[EventDate "2010.??.??"]

1. e4 c5 2. Nf3 d6 3. d4 cxd4 4. Nxd4 Nf6 5. Nc3 Nc6 6. Bc4 e6 7. Be3 Be7 8.
O-O a6 9. a4 O-O 10. Kh1 Qc7 11. Qe2 Bd7 12. f4 Rac8 13. Bd3 Rfe8 14. Qf3 Nb4
15. Qg3 g6 16. f5 Nxd3 17. cxd3 Qa5 18. Bg5 Qe5 19. fxe6 fxe6 20. Qxe5 dxe5 21.
Nf3 Kg7 22. Nxe5 Rcd8 23. Rf3 h6 24. Be3 Bc6 25. Raf1 Rf8 26. Bb6 Rde8 27. Bd4
Rd8 28. Ne2 Bxa4 29. Nf4 Bb3 30. Nfxg6 Rxd4 31. Nxf8 Kxf8 32. Ng6+ Ke8 33. Nxe7
Nd7 34. Ng6 Bc2 35. Rc1 Rxd3 36. Rxd3 Bxd3 37. Nf4 Bxe4 38. Nxe6 Nf6 39. Kg1
Ke7 40. Nc5 Bd5 41. Nxb7 1-0

[Event "BL 0910 H.Handschuhsheim - Schachfr. Be"]
[Site "?"]
[Date "2010.02.07"]
[Round "9.7"]
[White "Agopov, Mikail"]
[Black "Maier, Christian"]
[Result "1-0"]
[WhiteElo "2452"]
[BlackElo "2350"]
[PlyCount "97"]
[EventDate "2010.??.??"]

1. e4 e6 2. d4 d5 3. Nc3 Nc6 4. Nf3 Bb4 5. e5 Qd7 6. a3 Bf8 7. Bd3 b6 8. O-O
Bb7 9. Ne2 O-O-O 10. Re1 Kb8 11. b4 Nge7 12. Bd2 Re8 13. a4 Nc8 14. Qb1 f5 15.
a5 Be7 16. axb6 cxb6 17. h4 h6 18. h5 Bg5 19. b5 Nd8 20. Bb4 Nf7 21. Qb2 Rhg8
22. Ra3 g6 23. hxg6 Rxg6 24. Kf1 Rg7 25. Ng3 Rg6 26. Nh5 Bd8 27. Bd6+ Nfxd6 28.
exd6 Qxd6 29. Bxf5 Rg5 30. Nxg5 Bxg5 31. Ng7 Rf8 32. Bxe6 Ne7 33. Qc3 Bf6 34.
Qg3 Qxg3 35. Rxg3 Bxd4 36. Re2 Bc5 37. Bh3 d4 38. Ne6 Rf7 39. Nxc5 bxc5 40. Re5
Kc7 41. Rxc5+ Kd6 42. Rh5 Be4 43. Rxh6+ Kc5 44. Rh5+ Kd6 45. Rh4 Bxc2 46. Rxd4+
Kc5 47. Rd7 Ba4 48. Rg5+ Kb6 49. Rd6+ 1-0

[Event "BL 0910 H.Handschuhsheim - Schachfr. Be"]
[Site "?"]
[Date "2010.02.07"]
[Round "9.8"]
[White "Syska, Albert"]
[Black "Thiede, Lars"]
[Result "0-1"]
[WhiteElo "2255"]
[BlackElo "2450"]
[PlyCount "84"]
[EventDate "2010.??.??"]

1. e4 g6 2. d4 Bg7 3. Nc3 d6 4. f4 a6 5. Nf3 e6 6. Be3 Ne7 7. Qd2 Nd7 8. Bd3
Nf6 9. h3 b5 10. a3 Bb7 11. O-O-O Qd7 12. Rhe1 Bc6 13. f5 exf5 14. exf5 Bxf3
15. gxf3 O-O 16. fxg6 fxg6 17. Bg5 Rae8 18. h4 Nf5 19. d5 Nh5 20. Rxe8 Rxe8 21.
Re1 Nd4 22. Rxe8+ Qxe8 23. Qf2 Qf7 24. Be4 Nf4 25. Qe3 Be5 26. Kb1 Kg7 27. h5
Nxh5 28. Bh6+ Kh8 29. Qg1 a5 30. Qg4 b4 31. axb4 axb4 32. Nd1 Nf6 33. Qc8+ Ng8
34. Ne3 b3 35. cxb3 Nxb3 36. Ng4 Bg7 37. Qb8 Nc5 38. Bc1 Nxe4 39. fxe4 Qf3 40.
Ne3 Qxe4+ 41. Nc2 Qxd5 42. Qxc7 h5 0-1

[Event "BL 0910 SC Eppingen - Solinger SG"]
[Site "?"]
[Date "2010.02.07"]
[Round "9.2"]
[White "Balogh, Csaba"]
[Black "Buhmann, Rainer"]
[Result "1/2-1/2"]
[WhiteElo "2620"]
[BlackElo "2603"]
[PlyCount "54"]
[EventDate "2010.??.??"]

1. e4 e5 2. Nf3 Nc6 3. Bb5 Nf6 4. O-O Nxe4 5. d4 Nd6 6. Bxc6 dxc6 7. dxe5 Nf5
8. Qxd8+ Kxd8 9. Nc3 Be6 10. Rd1+ Kc8 11. Ng5 Bc4 12. b3 Bb4 13. bxc4 Bxc3 14.
Rb1 Bxe5 15. Nxf7 Re8 16. Nxe5 Rxe5 17. Bf4 Rc5 18. Re1 b6 19. Re5 Rxe5 20.
Bxe5 Kb7 21. Rd1 Re8 22. f4 Kc8 23. Kf2 g6 24. Kf3 Nh4+ 25. Kg3 Nf5+ 26. Kf3
Nh4+ 27. Kf2 Nf5 1/2-1/2

[Event "BL 0910 SC Eppingen - Solinger SG"]
[Site "?"]
[Date "2010.02.07"]
[Round "9.3"]
[White "Werle, Jan"]
[Black "Gyimesi, Zoltan"]
[Result "1/2-1/2"]
[WhiteElo "2563"]
[BlackElo "2594"]
[PlyCount "80"]
[EventDate "2010.??.??"]

1. d4 Nf6 2. c4 e6 3. Nf3 d5 4. Nc3 Bb4 5. cxd5 exd5 6. Bg5 O-O 7. e3 Be6 8.
Bd3 c5 9. O-O Nbd7 10. Ne2 c4 11. Bc2 h6 12. Bh4 Bd6 13. Bg3 Qe7 14. b3 b5 15.
bxc4 bxc4 16. Nd2 Rab8 17. Nb1 Nh5 18. Bxd6 Qxd6 19. Nbc3 f5 20. f3 Ndf6 21.
Qd2 Bd7 22. Rab1 Rfe8 23. Rxb8 Rxb8 24. Rb1 Rxb1+ 25. Bxb1 g5 26. Qb2 Ng7 27.
Bc2 Qb6 28. Qa3 Kf7 29. h3 f4 30. Qc1 fxe3 31. Qxe3 Bf5 32. Bxf5 Nxf5 33. Qe5
Ne7 34. Kf2 Ng6 35. Qe3 Qb8 36. g3 Qc8 37. Kg2 Qe6 38. Qxe6+ Kxe6 39. Nb5 a5
40. Kf2 Ne7 1/2-1/2

[Event "BL 0910 SC Eppingen - Solinger SG"]
[Site "?"]
[Date "2010.02.07"]
[Round "9.4"]
[White "Ruck, Robert"]
[Black "Edouard, Romain"]
[Result "1/2-1/2"]
[WhiteElo "2548"]
[BlackElo "2620"]
[PlyCount "77"]
[EventDate "2010.??.??"]

1. c4 c5 2. Nf3 Nc6 3. d4 cxd4 4. Nxd4 Nf6 5. g3 Qb6 6. Nc2 h5 7. h3 Ne4 8. e3
Qa5+ 9. Nd2 Qf5 10. Nf3 Qa5+ 11. Nd2 Qf5 12. Nf3 g6 13. Bg2 Qa5+ 14. Nd2 Nc5
15. O-O Bg7 16. Nb3 Nxb3 17. axb3 Qb6 18. Na3 d6 19. Nb5 O-O 20. e4 a6 21. Be3
Qd8 22. Nc3 Rb8 23. Qe2 Nd4 24. Qd1 Nc6 25. Qe2 b5 26. Rfd1 bxc4 27. bxc4 Qc7
28. Nd5 Qb7 29. Rd2 Re8 30. c5 dxc5 31. Bxc5 e6 32. Nb6 Bf8 33. Bxf8 Rxf8 34.
Nxc8 Rfxc8 35. Qxa6 Qxa6 36. Rxa6 Ne5 37. Ra1 Nc4 38. Rc2 Nxb2 39. Rac1 1/2-1/2

[Event "BL 0910 SC Eppingen - Solinger SG"]
[Site "?"]
[Date "2010.02.07"]
[Round "9.5"]
[White "L'Ami, Erwin"]
[Black "Acs, Peter"]
[Result "1/2-1/2"]
[WhiteElo "2606"]
[BlackElo "2550"]
[PlyCount "63"]
[EventDate "2010.??.??"]

1. d4 d5 2. c4 c6 3. Nf3 Nf6 4. e3 Bg4 5. Qb3 Qb6 6. Ne5 Bf5 7. cxd5 Qxb3 8.
axb3 Nxd5 9. Bd3 Bxd3 10. Nxd3 e6 11. Bd2 Na6 12. Ke2 f6 13. Na3 Ndb4 14. Nc4
Nxd3 15. Kxd3 Nc7 16. Na5 Rb8 17. f3 Nb5 18. Be1 Bd6 19. Bg3 Ke7 20. Nc4 Bxg3
21. hxg3 Rbd8 22. Ke2 h6 23. g4 Rd5 24. Rh5 Rhd8 25. b4 a6 26. Rc1 Nd6 27. Nxd6
R8xd6 28. Rc5 Rd8 29. f4 Rxh5 30. gxh5 f5 31. Kf3 Kf6 32. g4 1/2-1/2

[Event "BL 0910 SC Eppingen - Solinger SG"]
[Site "?"]
[Date "2010.02.07"]
[Round "9.6"]
[White "Bindrich, Falko"]
[Black "Ragger, Markus"]
[Result "0-1"]
[WhiteElo "2516"]
[BlackElo "2561"]
[PlyCount "98"]
[EventDate "2010.??.??"]

1. d4 d5 2. c4 c6 3. Nc3 Nf6 4. cxd5 cxd5 5. Nf3 Nc6 6. Bf4 Bf5 7. e3 e6 8. Bb5
Nd7 9. O-O Rc8 10. Qb3 Be7 11. Ne5 Ncxe5 12. Bxe5 O-O 13. Bg3 a6 14. Be2 Qb6
15. Qxb6 Nxb6 16. Rfc1 Rc6 17. a4 Rfc8 18. a5 Nc4 19. Bxc4 Rxc4 20. f3 Bb4 21.
Be1 f6 22. Bd2 Kf7 23. Kf2 e5 24. dxe5 fxe5 25. Be1 d4 26. exd4 exd4 27. Ne2 d3
28. Rxc4 Rxc4 29. Nc3 Rc6 30. Bd2 Be6 31. Ra4 Rc4 32. Ne4 Rxe4 33. fxe4 Bxd2
34. Rd4 Bxa5 35. Rxd3 Bc7 36. h3 Be5 37. b4 Ke7 38. Rd1 b6 39. Ke3 Bc3 40. Rb1
Ba2 41. Rc1 Bxb4 42. Rc7+ Kf6 43. e5+ Kxe5 44. Rxg7 Bc5+ 45. Kf3 Bd5+ 46. Kg4
a5 47. Rxh7 a4 48. Ra7 a3 49. Kg5 a2 0-1

[Event "BL 0910 SC Eppingen - Solinger SG"]
[Site "?"]
[Date "2010.02.07"]
[Round "9.8"]
[White "Guliyev, Namig"]
[Black "Hoffmann, Michael"]
[Result "1-0"]
[WhiteElo "2525"]
[BlackElo "2513"]
[PlyCount "137"]
[EventDate "2010.??.??"]

1. e4 c5 2. Nf3 d6 3. d4 cxd4 4. Nxd4 Nf6 5. Nc3 a6 6. Be3 e6 7. f3 b5 8. Qd2
b4 9. Nce2 e5 10. Nb3 a5 11. c4 Nc6 12. Rd1 Be6 13. Ng3 Be7 14. Nf5 Bxf5 15.
exf5 O-O 16. Bd3 a4 17. Nc1 d5 18. O-O dxc4 19. Bxc4 Qc8 20. Bd3 Na5 21. Kh1
Nc4 22. Qe2 Nxe3 23. Qxe3 Ra5 24. Be4 h6 25. Nd3 Rd8 26. Qb6 Ra6 27. Qb5 Nxe4
28. fxe4 Rad6 29. Rc1 Qa6 30. Qxa6 Rxa6 31. Nxe5 Bg5 32. Rc4 b3 33. axb3 axb3
34. Rb4 Bf6 35. Nf3 Re8 36. Re1 Bxb2 37. Rxb3 Ra2 38. g3 Ba3 39. Rbe3 g6 40.
fxg6 fxg6 41. R3e2 Rxe2 42. Rxe2 Bf8 43. Kg2 h5 44. Kh3 Kg7 45. g4 hxg4+ 46.
Kxg4 Bc5 47. e5 Ra8 48. Re4 Ra2 49. Rc4 Be7 50. Kf4 Kf7 51. Ke4 Rf2 52. Rc7 Ke8
53. h3 Re2+ 54. Kd5 Re3 55. Nd4 Rd3 56. Ke6 Rxd4 57. Rxe7+ Kf8 58. Rf7+ Kg8 59.
Rf3 Kg7 60. Ke7 Ra4 61. Rf7+ Kh6 62. e6 Ra7+ 63. Kf6 Ra3 64. e7 Rf3+ 65. Ke6
Re3+ 66. Kd7 Rd3+ 67. Ke8 Rxh3 68. Kf8 Re3 69. e8=Q 1-0

[Event "BL 0910 SG Turm Trier - SC Remagen"]
[Site "?"]
[Date "2010.02.07"]
[Round "9.2"]
[White "Flumbort, Andras"]
[Black "Gharamian, Tigran"]
[Result "1/2-1/2"]
[WhiteElo "2513"]
[BlackElo "2611"]
[PlyCount "40"]
[EventDate "2010.??.??"]

1. Nf3 Nf6 2. c4 g6 3. d4 Bg7 4. Nc3 d5 5. Qb3 dxc4 6. Qxc4 c6 7. g3 Nbd7 8.
Bg2 Nb6 9. Qd3 Bf5 10. e4 Bg4 11. O-O O-O 12. Be3 Nfd7 13. Rfd1 e5 14. d5 cxd5
15. Nxd5 Nxd5 16. Qxd5 Qb8 17. h3 Be6 18. Qb5 a6 19. Qe2 h6 20. Rac1 Rc8
1/2-1/2

[Event "BL 0910 SG Turm Trier - SC Remagen"]
[Site "?"]
[Date "2010.02.07"]
[Round "9.3"]
[White "Goloshchapov, Alexander"]
[Black "Galyas, Miklos"]
[Result "1/2-1/2"]
[WhiteElo "2580"]
[BlackElo "2464"]
[PlyCount "83"]
[EventDate "2010.??.??"]

1. d4 e6 2. Nf3 f5 3. g3 Nf6 4. Bg2 d5 5. O-O Bd6 6. c4 c6 7. Nbd2 O-O 8. Ne5
Nbd7 9. Nd3 Qe7 10. Qc2 Ne4 11. Nf3 b6 12. Nfe5 Bb7 13. Bf4 Nxe5 14. Bxe5 dxc4
15. Bxd6 Qxd6 16. Nf4 g5 17. Nh5 Qxd4 18. Rad1 Qe5 19. Rd7 Rf7 20. Rfd1 Nc5 21.
R7d4 h6 22. e3 b5 23. b3 Raf8 24. bxc4 b4 25. Qd2 a5 26. f4 Qc7 27. Rd6 Qe7 28.
Qd4 Na4 29. Qe5 Bc8 30. Bxc6 Nc3 31. R1d2 Qc7 32. fxg5 hxg5 33. h4 Qe7 34. Bd7
Bxd7 35. Rxd7 Qe8 36. Rd8 Qxd8 37. Rxd8 Rxd8 38. hxg5 Rd1+ 39. Kg2 Rd2+ 40. Kg1
Rd1+ 41. Kg2 Rd2+ 42. Kg1 1/2-1/2

[Event "BL 0910 SG Turm Trier - SC Remagen"]
[Site "?"]
[Date "2010.02.07"]
[Round "9.4"]
[White "Seger, Ruediger"]
[Black "Degraeve, Jean-Marc"]
[Result "1/2-1/2"]
[WhiteElo "2407"]
[BlackElo "2573"]
[PlyCount "74"]
[EventDate "2010.??.??"]

1. e4 Nf6 2. e5 Nd5 3. d4 d6 4. Nf3 dxe5 5. Nxe5 c6 6. Bd3 Nd7 7. Nxd7 Bxd7 8.
O-O g6 9. Re1 Bg7 10. c3 O-O 11. Nd2 Be6 12. Nf3 Bg4 13. h3 Bxf3 14. Qxf3 e6
15. g3 Qb6 16. Bc4 Rfd8 17. Rd1 Rd7 18. h4 h5 19. Kg2 Kh7 20. a4 a5 21. Qe2 Qd8
22. Bg5 Bf6 23. Bxd5 Rxd5 24. Bxf6 Qxf6 25. Rd3 Kg8 26. Rad1 Rad8 27. Qe4 Qe7
28. c4 R5d7 29. d5 exd5 30. Qxe7 Rxe7 31. cxd5 c5 32. d6 Re6 33. Rb3 Rdxd6 34.
Rxd6 Rxd6 35. Rxb7 Rd4 36. Rb5 Rxa4 37. Rxc5 Rb4 1/2-1/2

[Event "BL 0910 SG Turm Trier - SC Remagen"]
[Site "?"]
[Date "2010.02.07"]
[Round "9.5"]
[White "Dgebuadze, Alexandre"]
[Black "Kolbus, Dietmar"]
[Result "1-0"]
[WhiteElo "2521"]
[BlackElo "2355"]
[PlyCount "95"]
[EventDate "2010.??.??"]

1. e4 c5 2. Nf3 d6 3. d4 cxd4 4. Nxd4 Nf6 5. Nc3 a6 6. Bd3 Nbd7 7. O-O g6 8.
Re1 Bg7 9. Bf1 O-O 10. h3 e6 11. Nb3 Qc7 12. Bf4 Ne5 13. Qd2 Rd8 14. Rad1 Rd7
15. a4 b6 16. Bh6 Bh8 17. Be3 Rb8 18. Qe2 Bg7 19. f3 Ne8 20. Kh1 Rd8 21. Bg5
Rd7 22. Be3 Rd8 23. Qf2 Nd7 24. Bg5 Bf6 25. Bxf6 Nexf6 26. Qg3 Ne8 27. Nd2 Ndf6
28. Qh4 Bb7 29. f4 Kg7 30. Nf3 Rbc8 31. Rd2 Qe7 32. Red1 Ng8 33. Qf2 Qc7 34.
Qd4+ Ngf6 35. Qe3 Kg8 36. Rd4 Qb8 37. Rb4 Nd7 38. f5 exf5 39. exf5 Bxf3 40.
Qxf3 a5 41. Rh4 Nef6 42. fxg6 fxg6 43. Nd5 Nxd5 44. Qxd5+ Kg7 45. Qe6 Nf8 46.
Qe7+ Kh8 47. Qf6+ Kg8 48. Bc4+ 1-0

[Event "BL 0910 SG Turm Trier - SC Remagen"]
[Site "?"]
[Date "2010.02.07"]
[Round "9.7"]
[White "Popovic, Petar"]
[Black "Rat, Dan Ovidiu"]
[Result "1-0"]
[WhiteElo "2496"]
[BlackElo "2315"]
[PlyCount "77"]
[EventDate "2010.??.??"]

1. e4 g6 2. d4 Bg7 3. Nf3 d6 4. Bc4 Nf6 5. Qe2 Nc6 6. e5 Nd7 7. c3 Nb6 8. Bb5
O-O 9. O-O e6 10. Bg5 f6 11. exf6 Bxf6 12. Bh6 Bg7 13. Bxg7 Kxg7 14. Nbd2 Bd7
15. Bxc6 bxc6 16. c4 Qf6 17. Qe3 Qf4 18. Qc3 Kg8 19. Rae1 a5 20. Re3 c5 21. b3
cxd4 22. Nxd4 e5 23. Ne2 Qf7 24. a4 Bc6 25. f4 exf4 26. Nxf4 Qd7 27. Nh5 Rxf1+
28. Nxf1 Qf7 29. Nf6+ Kf8 30. Ng3 Nd7 31. Nxd7+ Bxd7 32. Rf3 Bf5 33. Nxf5 gxf5
34. Qh8+ Qg8 35. Rxf5+ Ke7 36. Qf6+ Kd7 37. Rg5 Qe8 38. Qf5+ Kd8 39. h3 1-0

[Event "BL 0910 SG Turm Trier - SC Remagen"]
[Site "?"]
[Date "2010.02.07"]
[Round "9.8"]
[White "Korman, Maxim"]
[Black "Schulz, Klaus-Juergen"]
[Result "1-0"]
[WhiteElo "2177"]
[BlackElo "2385"]
[PlyCount "75"]
[EventDate "2010.??.??"]

1. d4 d5 2. Nf3 Nf6 3. c4 e6 4. e3 c5 5. Nbd2 Nc6 6. cxd5 exd5 7. dxc5 Bxc5 8.
a3 O-O 9. b4 Bb6 10. Bd3 Re8 11. b5 Nd4 12. Bb2 Nf5 13. Qb1 Nd6 14. O-O Nfe4
15. Rd1 Qe7 16. Be5 Bg4 17. Bxd6 Nxd6 18. h3 Bd7 19. Bxh7+ Kh8 20. Bd3 Rac8 21.
a4 Rc3 22. a5 Bc7 23. Ra4 Kg8 24. Rh4 Qf6 25. Bh7+ Kf8 26. b6 axb6 27. axb6 Bd8
28. e4 g5 29. e5 Qg7 30. Rd4 Nb5 31. Rxd5 Bc6 32. Rxb5 g4 33. hxg4 Bxb5 34.
Qxb5 Rc6 35. Bf5 Rxb6 36. Qc5+ Kg8 37. Ne4 Rb2 38. Qd4 1-0

[Event "BL 0910 SV Mülheim Nord - Bayern Münche"]
[Site "?"]
[Date "2010.02.27"]
[Round "10.1"]
[White "Bromberger, Stefan"]
[Black "Landa, Konstantin"]
[Result "1/2-1/2"]
[WhiteElo "2518"]
[BlackElo "2655"]
[PlyCount "192"]
[EventDate "2010.??.??"]

1. d4 Nf6 2. c4 e6 3. Nc3 Bb4 4. Qc2 d5 5. a3 Bxc3+ 6. Qxc3 O-O 7. Nf3 dxc4 8.
Qxc4 b6 9. g3 Bb7 10. Bg2 Bd5 11. Qa4 Nc6 12. O-O Bxf3 13. exf3 Nxd4 14. Rd1 e5
15. Be3 Qe8 16. Qxe8 Raxe8 17. Bxd4 exd4 18. Rxd4 c5 19. Rc4 a5 20. b4 cxb4 21.
axb4 axb4 22. Rxb4 Re6 23. Ra7 Rb8 24. Bf1 Kf8 25. Bc4 Re7 26. Ra6 Reb7 27. Ra1
Ne8 28. Rab1 Nc7 29. Bb3 b5 30. Rf4 Ne8 31. Rd1 Rc8 32. Rd5 Nf6 33. Re5 b4 34.
Kg2 h6 35. h4 Rc3 36. Re3 Rc5 37. Rd4 g6 38. Rd8+ Kg7 39. Rd4 g5 40. hxg5 hxg5
41. g4 Nh7 42. f4 Rc3 43. Rxb4 Rxb4 44. Rxc3 gxf4 45. Bd5 Ng5 46. Rc4 Rxc4 47.
Bxc4 Kf6 48. Bd5 Ke5 49. Bb7 Ne6 50. Bc6 Nd4 51. Bb7 Kf6 52. Bd5 Kg6 53. Bc4 f6
54. Ba6 Kg5 55. Bc8 Kh4 56. Bd7 f3+ 57. Kf1 Kg5 58. Ke1 Kf4 59. Kf1 Nc2 60. Bc6
Kxg4 61. Bb7 Kf4 62. Bc6 Nd4 63. Bb7 Ne6 64. Bc6 Ng5 65. Bb7 Ke5 66. Bc6 Kd4
67. Ke1 Ne4 68. Bb7 Ke5 69. Kf1 Kf4 70. Ke1 Nd6 71. Bc6 Nf5 72. Bb7 Nh4 73. Bc6
Kg4 74. Kf1 f5 75. Bb7 Kf4 76. Bc6 Ke5 77. Ke1 Kf4 78. Kf1 Ng6 79. Bd5 Ne7 80.
Bb7 Ng8 81. Bc6 Nf6 82. Bb7 Ne4 83. Bc6 Ke5 84. Bb7 Kd4 85. Ke1 Kc3 86. Bc6 Ng5
87. Bd7 f4 88. Bc6 Kd3 89. Bb5+ Ke4 90. Bc6+ Kf5 91. Kf1 Kg4 92. Bd7+ Kh4 93.
Bc6 Kh3 94. Kg1 Kh4 95. Kf1 Kh3 96. Kg1 Kh4 1/2-1/2

[Event "BL 0910 SV Mülheim Nord - Bayern Münche"]
[Site "?"]
[Date "2010.02.27"]
[Round "10.2"]
[White "Fridman, Daniel"]
[Black "Schenk, Andreas"]
[Result "1/2-1/2"]
[WhiteElo "2661"]
[BlackElo "2509"]
[PlyCount "83"]
[EventDate "2010.??.??"]

1. d4 d5 2. c4 e6 3. Nf3 Nf6 4. g3 Bb4+ 5. Bd2 Be7 6. Bg2 O-O 7. O-O c6 8. Bf4
Nbd7 9. Nc3 b6 10. Ne5 Bb7 11. Qa4 Nxe5 12. Bxe5 a6 13. Qb3 b5 14. cxd5 cxd5
15. Rac1 Rc8 16. Bxf6 Bxf6 17. e3 Qa5 18. a3 Rc4 19. Rfd1 Rfc8 20. Bf1 R4c7 21.
Na2 g6 22. Rxc7 Rxc7 23. Rc1 Be7 24. Rc2 Kf8 25. Nc1 Rxc2 26. Qxc2 b4 27. axb4
Qxb4 28. Nd3 Qb6 29. Ne5 Kg7 30. Nd7 Qb4 31. Qc7 Bd6 32. Qd8 Be7 33. Qb8 Bd6
34. Qd8 Be7 35. Qc7 Bd6 36. Qc2 a5 37. h4 h5 38. Be2 Qe1+ 39. Kg2 Qb4 40. Bd3
Qe1 41. Nc5 Qb4 42. Nxb7 1/2-1/2

[Event "BL 0910 SV Mülheim Nord - Bayern Münche"]
[Site "?"]
[Date "2010.02.27"]
[Round "10.3"]
[White "Marcelin, Cyril"]
[Black "Berelovich, Alexander"]
[Result "1/2-1/2"]
[WhiteElo "2499"]
[BlackElo "2551"]
[PlyCount "97"]
[EventDate "2010.??.??"]

1. Nf3 f5 2. b3 d6 3. d4 Nf6 4. g3 g6 5. Bg2 Bg7 6. Bb2 O-O 7. O-O a5 8. c4 a4
9. b4 Nbd7 10. Qc2 c6 11. Nbd2 a3 12. Bc3 Nb6 13. Rac1 Kh8 14. Ba1 Be6 15. e3
Bg8 16. Rb1 Qe8 17. c5 Nbd5 18. Nc4 Ne4 19. Nfd2 Nxd2 20. Qxd2 f4 21. exf4 Nxf4
22. Nb6 Nxg2 23. Nxa8 Nh4 24. gxh4 Qxa8 25. d5 Bxa1 26. Rxa1 Bxd5 27. Rae1 Qd8
28. Qg5 Rf6 29. Re3 dxc5 30. Rfe1 e6 31. bxc5 Qf8 32. Rxa3 Rxf2 33. Ra8 Qxa8
34. Kxf2 Qf8+ 35. Ke2 Qf3+ 36. Kd2 Qf2+ 37. Re2 Qd4+ 38. Ke1 Qa1+ 39. Kf2 Qd4+
40. Ke1 Qc3+ 41. Rd2 Qc1+ 42. Rd1 Qxc5 43. Qd8+ Kg7 44. Qc7+ Kf6 45. Qf4+ Kg7
46. Qc7+ Kg8 47. Qc8+ Kg7 48. Qc7+ Kg8 49. Qc8+ 1/2-1/2

[Event "BL 0910 SV Mülheim Nord - Bayern Münche"]
[Site "?"]
[Date "2010.02.27"]
[Round "10.4"]
[White "Levin, Felix"]
[Black "Belezky, Alexander"]
[Result "1/2-1/2"]
[WhiteElo "2481"]
[BlackElo "2463"]
[PlyCount "101"]
[EventDate "2010.??.??"]

1. d4 Nf6 2. c4 e6 3. Nf3 Bb4+ 4. Nbd2 b6 5. a3 Bxd2+ 6. Qxd2 Bb7 7. e3 a5 8.
b3 d6 9. Be2 Nbd7 10. O-O O-O 11. Bb2 Qe7 12. Qc2 Rfc8 13. b4 axb4 14. axb4 Qe8
15. Nd2 Rxa1 16. Rxa1 Ra8 17. Qd1 Rxa1 18. Qxa1 Qa8 19. Qxa8+ Bxa8 20. b5 Ne4
21. Nb1 d5 22. cxd5 Bxd5 23. f3 Nd6 24. Nd2 f5 25. Bd3 Nf6 26. Ba3 Kf7 27. g4
g6 28. g5 Nfe8 29. e4 fxe4 30. fxe4 Bb7 31. Kf2 Bc8 32. Nb1 Bd7 33. Nc3 Nc8 34.
Ke3 Ned6 35. Kf4 Na7 36. Bxd6 cxd6 37. e5 d5 38. Ke3 Kg7 39. Kd2 h6 40. h4 h5
41. Kc2 Kf7 42. Kb3 Be8 43. Kb4 Nc8 44. Na4 Ke7 45. Be2 Kd8 46. Bf1 Kc7 47. Bh3
Bf7 48. Nc3 Ne7 49. Ne2 Kd7 50. Nf4 Bg8 51. Kc3 1/2-1/2

[Event "BL 0910 SV Mülheim Nord - Bayern Münche"]
[Site "?"]
[Date "2010.02.27"]
[Round "10.5"]
[White "Meissner, Bernd"]
[Black "Hausrath, Daniel"]
[Result "1/2-1/2"]
[WhiteElo "2410"]
[BlackElo "2528"]
[PlyCount "84"]
[EventDate "2010.??.??"]

1. d4 Nf6 2. Nf3 g6 3. c4 Bg7 4. Nc3 O-O 5. e4 d6 6. Be2 c5 7. d5 e6 8. O-O Re8
9. h3 exd5 10. exd5 Bf5 11. Bd3 Ne4 12. Nxe4 Bxe4 13. Bxe4 Rxe4 14. Qc2 Re8 15.
Bg5 Qc7 16. Rae1 Nd7 17. Re2 h6 18. Bf4 Rxe2 19. Qxe2 Nf6 20. Re1 Re8 21. Qd2
Rxe1+ 22. Qxe1 Qd7 23. b3 b5 24. Nd2 bxc4 25. bxc4 Bf8 26. Qb1 Qe8 27. Kf1 Qa4
28. Ke2 Nxd5 29. cxd5 Qxf4 30. Qe4 Qf6 31. Nc4 Qa1 32. Qc2 h5 33. Qb2 Qg1 34.
Ne3 Qh2 35. Qb8 Qe5 36. Qxa7 Qb2+ 37. Kf3 Bh6 38. Qe7 Bf8 39. Qa7 Qf6+ 40. Ke2
Qb2+ 41. Kf3 Bh6 42. Qe7 Bf8 1/2-1/2

[Event "BL 0910 SV Mülheim Nord - Bayern Münche"]
[Site "?"]
[Date "2010.02.27"]
[Round "10.6"]
[White "Saltaev, Mihail"]
[Black "Meister, Peter"]
[Result "1-0"]
[WhiteElo "2492"]
[BlackElo "2396"]
[PlyCount "65"]
[EventDate "2010.??.??"]

1. e4 e6 2. d4 d5 3. e5 c5 4. c3 Nc6 5. Nf3 Bd7 6. Be2 Nge7 7. Na3 cxd4 8. cxd4
Nf5 9. Nc2 Qb6 10. O-O Na5 11. g4 Ne7 12. Nfe1 Bb5 13. Nd3 h5 14. gxh5 Nf5 15.
Be3 Nc6 16. Nf4 Be7 17. Bd3 Bxd3 18. Qxd3 O-O-O 19. b4 Bg5 20. b5 Na5 21. Rfc1
Kb8 22. Nxd5 Rxd5 23. Bxg5 Rxh5 24. Bd2 Qd8 25. Qf3 g6 26. Bxa5 Qxa5 27. Ne3
Rxd4 28. Rc4 Rg5+ 29. Kh1 Qxb5 30. Rac1 Rxc4 31. Nxc4 Nd4 32. Nd6 Qd7 33. Qxf7
1-0

[Event "BL 0910 SV Mülheim Nord - Bayern Münche"]
[Site "?"]
[Date "2010.02.27"]
[Round "10.7"]
[White "Reich, Thomas"]
[Black "Schebler, Gerhard"]
[Result "1/2-1/2"]
[WhiteElo "2368"]
[BlackElo "2486"]
[PlyCount "41"]
[EventDate "2010.??.??"]

1. d4 Nf6 2. c4 g6 3. Nc3 Bg7 4. e4 d6 5. f3 O-O 6. Be3 Nc6 7. Qd2 a6 8. Nge2
Rb8 9. Nc1 e5 10. d5 Nd4 11. N1e2 c5 12. dxc6 Nxc6 13. Nd5 b5 14. Nec3 Nd4 15.
Bd3 Nxd5 16. cxd5 Qh4+ 17. Bf2 Qh6 18. Be3 Qh4+ 19. Bf2 Qh6 20. Be3 Qh4+ 21.
Bf2 1/2-1/2

[Event "BL 0910 SV Mülheim Nord - Bayern Münche"]
[Site "?"]
[Date "2010.02.27"]
[Round "10.8"]
[White "Wittenberg, Andreas"]
[Black "Jorczik, Julian"]
[Result "0-1"]
[WhiteElo "2188"]
[BlackElo "2374"]
[PlyCount "58"]
[EventDate "2010.??.??"]

1. d4 Nf6 2. Nf3 g6 3. g3 Bg7 4. Bg2 O-O 5. O-O d6 6. b3 e5 7. dxe5 dxe5 8. Ba3
Re8 9. Nc3 Nc6 10. Nd2 e4 11. Nc4 Be6 12. Ne3 Ng4 13. Nxe4 Nxe3 14. fxe3 Bf5
15. Nc5 Bxa1 16. Qxa1 Qd2 17. e4 Bg4 18. Rf2 Nd4 19. h3 Be6 20. Nd3 Nxc2 21.
Qb2 Qd1+ 22. Rf1 Qxe2 23. Rf2 Qd1+ 24. Bf1 Nxa3 25. Qxa3 Bxh3 26. Nf4 Bxf1 27.
Rxf1 Qd4+ 28. Kh2 Rxe4 29. Qc1 c6 0-1

[Event "BL 0910 SF Katernberg - Erfurter SK"]
[Site "?"]
[Date "2010.02.27"]
[Round "10.1"]
[White "Romanov, Evgeny"]
[Black "Chuchelov, Vladimir"]
[Result "1/2-1/2"]
[WhiteElo "2588"]
[BlackElo "2598"]
[PlyCount "95"]
[EventDate "2010.??.??"]

1. c4 Nf6 2. Nc3 e5 3. g3 d5 4. cxd5 Nxd5 5. Bg2 Nb6 6. Nf3 Nc6 7. O-O Be7 8.
a3 O-O 9. b4 Be6 10. d3 f6 11. Bb2 Qd7 12. Ne4 Rfd8 13. Rc1 a6 14. Qc2 Bd5 15.
Ba1 Bxe4 16. dxe4 Bd6 17. h4 Ne7 18. Bc3 Kh8 19. Rfd1 Qe8 20. Bd2 Na4 21. Ne1
c5 22. bxc5 Bxc5 23. Nd3 Bd6 24. Bh3 b5 25. Ba5 Rdb8 26. Nb4 Bc5 27. Qb3 Nc6
28. Nxc6 Qxc6 29. e3 Qe8 30. Bd7 Qf8 31. Rd3 Be7 32. Qa2 Nc5 33. Rdd1 Ra7 34.
Bc6 Na4 35. Ra1 Rc8 36. Qe6 Nc5 37. Qd5 Na4 38. Rd3 Nb2 39. Bb6 Nxd3 40. Bxa7
Rd8 41. Qb3 Bc5 42. Bxc5 Nxc5 43. Qb4 Rc8 44. Bd5 g6 45. Rd1 Kg7 46. Ba2 Qe7
47. Qa5 Qc7 48. Qb4 1/2-1/2

[Event "BL 0910 SF Katernberg - Erfurter SK"]
[Site "?"]
[Date "2010.02.27"]
[Round "10.2"]
[White "Firman, Nazar"]
[Black "Michiels, Bart"]
[Result "0-1"]
[WhiteElo "2571"]
[BlackElo "2462"]
[PlyCount "86"]
[EventDate "2010.??.??"]

1. e4 e6 2. d4 d5 3. Nc3 Nf6 4. e5 Nfd7 5. Nce2 c5 6. c3 Nc6 7. Nf3 Qa5 8. a3
cxd4 9. b4 Qb6 10. cxd4 a5 11. b5 Qxb5 12. Nc3 Qb6 13. Rb1 Qd8 14. Bb5 Be7 15.
h4 f6 16. exf6 Bxf6 17. Be3 O-O 18. Bd3 Re8 19. Ng5 Nf8 20. f4 e5 21. fxe5 Nxe5
22. dxe5 Rxe5 23. O-O Rxe3 24. Nxd5 Bxg5 25. hxg5 Bg4 26. Qxg4 Rxd3 27. Nb6 Rd4
28. Qf5 Rb8 29. Rb5 Rd1 30. Qf7+ Kh8 31. Nd5 Rxf1+ 32. Kxf1 Qxg5 33. Qf4 Qxf4+
34. Nxf4 b6 35. Kg1 Kg8 36. Ne2 Ne6 37. Nc3 Nc5 38. Nd5 Nd7 39. Rb2 Kf7 40. Re2
Nf6 41. Re7+ Kf8 42. Re5 Nxd5 43. Rxd5 Ke7 0-1